Dedičstvá v rieke času

Bibliographic Details
Main Authors: Beňovský, Jozef, 1949- (Author), Straka, Milan (Author)
Format: Article
Language:Slovak
PhysicalDescription:Obr. 1.
Subjects:

MARC

LEADER 00000nab a2200000 a 4500
001 vtls000348208
003 SK-MaSNL
005 20260304025515.0
008 111201c1988 xo 0 slo
015 |a SNBRB19rr/mm-uuuuu 
035 |a CL0348330 
040 |a SNKBUCL  |b slo  |c SNKBUCL  |e AACR2 
041 0 |a slo 
044 |a xo  |c SK 
080 |a 061.61(437.6):943.76:061.4  |2 1981 
080 |a 943.76  |2 1981 
080 |a 061.4  |2 1981 
100 1 |a Beňovský, Jozef,  |d 1949-  |4 aut  |9 98491 
245 1 0 |a Dedičstvá v rieke času  |c Jozef Beňovský, Milan Straka 
300 |b Obr. 1. 
610 2 7 |a Matica slovenská  |2 snkbucl  |9 14662 
651 7 |a 5306  |2 snkbucl  |9 893716 
655 7 |a články z novín a časopisov  |2 snkbucl  |9 267496 
700 1 |a Straka, Milan  |4 aut  |9 267783 
773 0 |t Slovensko  |g Roč. 12, č. 12 (1988), s. 30 
850 |a Slovenská národná knižnica v Martine  |a MTA001 
852 |a SNK  |b KIS3GCP 
958 |a RK 
992 |a RBX 
999 |c 2628131  |d 2630061